[Event "Calcutta op2"]
[Site "Calcutta"]
[Date "1994.??.??"]
[Round "?"]
[White "Kamath, Radhakrishna C"]
[Black "Wajih, Nassir"]
[Result "0-1"]
[WhiteElo "2115"]
[BlackElo "2340"]

1.e4 c5 2.Nf3 Nc6 3.Bb5 e6 4.O-O Nge7 5.Re1 a6 6.Bf1 Ng6 7.c3 d5 8.exd5 Qxd5
9.d4 Be7 10.c4 Qd6 11.d5 exd5 12.cxd5 Nb4 13.Nc3 Bf5 14.Nd2 Rd8 15.Nc4 Qf6
16.Ne3 O-O 17.a3 Nc6 18.Nxf5 Qxf5 19.Bd3 Qc8 20.Bxg6 fxg6 21.Bd2 Qf5 22.f4 Bh4
23.dxc6 Bxe1 24.Qxe1 bxc6 25.Be3 g5 26.fxg5 Qc2 27.Qc1 Qd3 28.Bxc5 Rf5 29.Qe3 Qc4
30.b4 Qd3 31.Qe6+ Kh8 32.Qe1 Qc4 33.h3 Qf7 34.Qe4 Qg6 35.Re1 Rxg5 36.Qxg6 Rxg6
37.Re7 h6 38.Re2 Rd3 39.Ne4 Rxh3 40.Nd6 Rxa3 41.Re8+ Kh7 42.Nf7 Rf6 43.Rh8+ Kg6
44.Ne5+ Kf5 45.Nc4 Rc3 46.Nd6+ Kf4 47.Re8 Rd3 48.Re4+ Kg3 49.Rd4 Rxd4 50.Bxd4 Re6
51.Nf5+ Kf4 52.Nxg7 Re4 53.Bc3 Kg5 54.Kf2 Kg4 55.Bd2 h5 56.g3 Re5 57.Bc3 Re7
58.Bb2 Rf7+ 59.Ke2 Rd7 60.Bc3 Rd5 61.Kf2 c5 62.bxc5 Rxc5 63.Bb4 Re5 64.Bc3 Re7
65.Kf1 Kg5  0-1

[Event "Calcutta op2"]
[Site "Calcutta"]
[Date "1994.??.??"]
[Round "?"]
[White "Mithrakanth, Poorna Sharma"]
[Black "Bhattacharyya, P."]
[Result "1/2-1/2"]
[WhiteElo "2370"]
[BlackElo "2190"]

1.e4 c5 2.Nf3 Nc6 3.Bb5 e6 4.O-O Nge7 5.Re1 a6 6.Bf1 Ng6 7.d4 cxd4 8.Nxd4 Bc5
9.Nb3 Ba7 10.c4 O-O 11.Nc3 Qc7 12.Be3 Bxe3 13.Rxe3 b6 14.Rc1 Bb7 15.g3 Nce7
16.f4 f5 17.Bg2 Rad8 18.Rd3 fxe4 19.Bxe4 Bxe4 20.Nxe4 e5 21.fxe5 Nxe5 22.Rdc3 Qc6
23.Qe2 Qg6 24.Ned2 d6 25.Nd4 Nf5 26.Nxf5 Qxf5 27.Rf1 Qc8 28.Rxf8+ Rxf8 29.Ne4 Qc6
30.b3 h6 31.Re3 b5 32.Qd1 bxc4 33.Qxd6 cxb3  1/2-1/2

[Event "Calcutta op2"]
[Site "Calcutta"]
[Date "1994.??.??"]
[Round "?"]
[White "Girinath, PDS."]
[Black "Sharma, Lalgopal"]
[Result "1/2-1/2"]
[WhiteElo "2330"]
[BlackElo "2260"]

1.e4 c5 2.Nf3 Nc6 3.Bb5 g6 4.O-O Bg7 5.Re1 a6 6.Bf1 d6 7.c3 Nf6 8.h3 O-O
9.d4 e5 10.dxe5 dxe5 11.Qc2 Qc7 12.a4 h6 13.Na3 Na5 14.Nc4 Nxc4 15.Bxc4 Nh5
16.g4 Nf4 17.Bxf4 exf4 18.e5 Qc6 19.Qe4 Qxe4 20.Rxe4 g5 21.Rd1 Re8 22.Rd6 Rb8
23.Rb6 Be6 24.Bxe6 Rxe6 25.Rxe6 fxe6 26.h4 gxh4 27.Nxh4 b5 28.Nf3 Rd8 29.Rxf4 Rd1+
30.Kg2 Rb1 31.axb5 axb5 32.b4 cxb4 33.cxb4 Rb3 34.Re4 Rd3 35.Kg3 Rd5 36.Kf4 Kf7
37.Ne1 Bf8 38.Ke3 Be7 39.Ke2  1/2-1/2

[Event "Calcutta op"]
[Site "Calcutta"]
[Date "1994.??.??"]
[Round "1"]
[White "Singh, Pritam"]
[Black "Tiviakov, Sergei"]
[Result "0-1"]
[WhiteElo "2305"]
[BlackElo "2630"]

1.e4 c5 2.Nf3 Nc6 3.Bb5 d6 4.O-O Bg4 5.c3 Qb6 6.Na3 a6 7.Be2 Nf6 8.Nc4 Qd8
9.Ne3 Bd7 10.Bd3 g6 11.Bc2 Bg7 12.d4 cxd4 13.Nxd4 O-O 14.a4 Rc8 15.Ne2 Qa5
16.Nf4 Ne5 17.Nfd5 Nxd5 18.exd5 b5 19.Bd2 Qb6 20.Ra2 f5 21.Re1 f4 22.Nf1 b4
23.cxb4 Qd4 24.b5 axb5 25.a5 b4 26.Bb3 Bb5 27.Ba4 Bxf1 28.Kxf1 Qc4+  0-1

[Event "Calcutta op"]
[Site "Calcutta"]
[Date "1994.??.??"]
[Round "7"]
[White "Singh, Pritam"]
[Black "Saravanan, V."]
[Result "1-0"]
[WhiteElo "2305"]
[BlackElo "2420"]

1.e4 c5 2.Nf3 Nc6 3.Bb5 g6 4.O-O Bg7 5.Re1 Nf6 6.e5 Nd5 7.Nc3 Nc7 8.Bxc6 dxc6
9.h3 O-O 10.d3 f6 11.exf6 exf6 12.Be3 b6 13.Qd2 Re8 14.Ne4 Be6 15.Bf4 Qd7
16.Re2 Bd5 17.Rae1 Ne6 18.Bg3 Nd4 19.Nxd4 cxd4 20.Bh4 Re6 21.b3 Rf8 22.f3 h6
23.Bf2 f5 24.Ng3 Rfe8 25.Rxe6 Rxe6 26.Rxe6 Qxe6 27.a4 c5 28.Qe2 Be5 29.Kf1 Qd6
30.Qe1 Kf7 31.h4 Kf6 32.Ne2 a6 33.Bg3 f4 34.Bf2 g5 35.hxg5+ hxg5 36.Ng1 Qc6
37.Qe2 b5 38.axb5 axb5 39.Nh3 Qc7 40.Be1 Bd6 41.Nf2 Be5 42.Ba5 Qb8 43.Ng4+ Kf5
44.Bd8 Qd6 45.Bxg5 Kxg5 46.Qxe5+ Qxe5 47.Nxe5 Kf5 48.Nd7 c4 49.bxc4 bxc4
50.Nb6 cxd3 51.cxd3 Bb3 52.Nd7 Ba4 53.Nc5 Bb5 54.Ke2 Ke5 55.Ne4 Ba6 56.Nc5 Bb5
57.Nb3 Ba4 58.Nd2 Bb5 59.Ne4 Ba6 60.Ng5 Kf5 61.Nh3 Bb5 62.Nf2 Ke5 63.Kd2 Kf5
64.Kc2 Ba6 65.Kb3 Kg5 66.Ne4+ Kf5 67.Nc5 Bc8 68.Kb4 Ke5 69.Kc4 Bf5 70.Na6 Be6+
71.Kc5 Bb3 72.Nb4 Bd1 73.Nc6+ Kf5 74.Nxd4+ Kg5 75.Ne6+ Kf5 76.Kd6 Ba4 77.Nd4+ Kf6
78.Kd5 Bd7 79.Ke4 Kg5 80.Ke5 Bc8 81.Ne6+  1-0

[Event "Calcutta op"]
[Site "Calcutta"]
[Date "1994.??.??"]
[Round "11"]
[White "Barua, Dibyendu"]
[Black "Murugan, Krishnamoorthy"]
[Result "0-1"]
[WhiteElo "2510"]
[BlackElo "2410"]

1.e4 c5 2.Nf3 Nc6 3.Bb5 e6 4.Bxc6 bxc6 5.b3 d6 6.O-O e5 7.Na3 Ne7 8.c3 Ng6
9.Nc4 Be7 10.d4 cxd4 11.cxd4 Ba6 12.Qc2 O-O 13.Rd1 Qc7 14.Bb2 f6 15.Rac1 Rac8
16.Ne3 Nf4 17.Rd2 Rfd8 18.Qd1 Qb8 19.g3 Ne6 20.Rdc2 c5 21.d5 Nd4 22.Bxd4 cxd4
23.Nc4 f5 24.Qe2 Qb5 25.Nh4 Bxh4 26.gxh4 Qd7 27.f3 Qe7 28.Qe1 Rf8 29.Rg2 fxe4
30.fxe4 Rf4 31.h5 Rcf8 32.Nd2 Bc8 33.Qe2 Qh4 34.Rc7 Bg4  0-1

[Event "CAN-ch"]
[Site "CAN"]
[Date "1994.??.??"]
[Round "11"]
[White "Leveille, Francois"]
[Black "Baragar, Fletcher"]
[Result "1-0"]
[WhiteElo "2380"]
[BlackElo "2285"]

1.e4 c5 2.Nf3 Nc6 3.Bb5 e6 4.O-O Nge7 5.Re1 a6 6.Bxc6 bxc6 7.b3 Ng6 8.Bb2 d6
9.e5 d5 10.d3 Be7 11.c4 O-O 12.Nc3 f6 13.Na4 fxe5 14.Nxe5 Nxe5 15.Bxe5 Rf5
16.Qe2 Bd7 17.Rac1 d4 18.Rc2 h5 19.g3 Ra7 20.h3 Bf8 21.f4 Be8 22.Qf3 Raf7
23.Rg2 Qg5 24.Qe4 Qh6 25.Ree2 h4 26.g4 Rxf4 27.Bxf4 Qxf4 28.Qxf4 Rxf4 29.Rgf2 Rxf2
30.Kxf2 Kf7 31.Re5 Kf6 32.Rxc5 Bxc5 33.Nxc5 Bg6 34.Nd7+ Kg5 35.Ne5 Be8 36.Nf3+ Kf4
37.Nxh4 c5 38.Ng2+ Kg5 39.Kg3 e5 40.Ne1 Bg6 41.h4+ Kf6 42.Kf3 Be8 43.h5 Bc6+
44.Kg3 a5 45.Nf3 e4 46.g5+ Kf5 47.h6 gxh6 48.gxh6 Kf6 49.h7 Kg7 50.dxe4 Bxe4
51.h8=Q+ Kxh8 52.Nd2 Bh1 53.Kf4 Kg7 54.Ke5 Kg6 55.Kd6 Kf5 56.Kxc5 Ke5 57.Kb6 Kf4
58.c5 Ke3 59.Nc4+ Kd3 60.Kxa5 Kc3 61.Kb6 Bd5 62.Ne5 Kb2 63.a4 Kxb3 64.a5 Ka4
65.a6 Ba8 66.c6  1-0

[Event "Canete"]
[Site "Canete"]
[Date "1994.??.??"]
[Round "4"]
[White "De la Riva Aguado, Oscar"]
[Black "Gomez Esteban, Juan Mario"]
[Result "1/2-1/2"]
[WhiteElo "2420"]
[BlackElo "2465"]

1.e4 c5 2.Nf3 Nc6 3.Bb5 g6 4.O-O Bg7 5.Re1 e5 6.Bxc6 dxc6 7.a3 Qe7 8.b4 Nf6
9.bxc5 O-O 10.a4 Rd8 11.d3 Qxc5 12.Ba3 Qa5 13.Nbd2 Qc7 14.Nc4 Nh5 15.Bb2 f6
16.g3 Be6 17.Ne3 Rd7 18.Qe2 Rad8 19.Nh4 a5 20.Bc3  1/2-1/2

[Event "Cannes op"]
[Site "Cannes"]
[Date "1994.??.??"]
[Round "6"]
[White "Prie, Eric"]
[Black "Wagner, Claude"]
[Result "1-0"]
[WhiteElo "2475"]
[BlackElo "2330"]

1.e4 c5 2.Nf3 Nc6 3.Bb5 g6 4.Bxc6 bxc6 5.O-O Bg7 6.Re1 f6 7.a3 Nh6 8.b4 cxb4
9.axb4 O-O 10.d3 d6 11.Nbd2 Nf7 12.Bb2 e5 13.Bc3 f5 14.Ra5 g5 15.Nb3 fxe4
16.dxe4 g4 17.Nfd2 Qh4 18.Nf1 Ng5 19.Ng3 Be6 20.Bd2 Rf6 21.Bxg5 Qxg5 22.Qd2 Qg6
23.Rea1 Raf8 24.Rxa7 Bh6 25.Qc3 Rxf2 26.Ra8 Rf7 27.Rxf8+ Bxf8 28.Qxc6 h5
29.Nd2 Qg5 30.Qc3 Bh6 31.Ngf1 Qf6 32.Qg3 h4 33.Qe1 h3 34.g3 d5 35.Qe2 Qd8
36.Ra6 Qc8 37.exd5 Qxc2 38.Rxe6 Rxf1+ 39.Kxf1 Be3  1-0

[Event "Cannes op"]
[Site "Cannes"]
[Date "1994.??.??"]
[Round "7"]
[White "Manolov, Ivan"]
[Black "Koerholz, Ludger"]
[Result "1-0"]
[WhiteElo "2360"]
[BlackElo "2310"]

1.e4 c5 2.Nf3 Nc6 3.Bb5 g6 4.O-O Bg7 5.c3 Nf6 6.Re1 O-O 7.d4 d5 8.exd5 Qxd5
9.c4 Qd6 10.d5 Nd4 11.Nxd4 cxd4 12.Nd2 a6 13.Ba4 b5 14.cxb5 axb5 15.Bxb5 Nxd5
16.Ne4 Qb6 17.Bc4 Bb7 18.Qb3 Qxb3 19.Bxb3 Rfc8 20.Bd2 f5 21.Ng5 e5 22.Rac1 Bf6
23.Ne6 Kh8 24.Nc5 Bc6 25.Nd3 Nb6 26.Nxe5 Be4 27.Nf7+  1-0

[Event "Cannes op"]
[Site "Cannes"]
[Date "1994.??.??"]
[Round "9"]
[White "Minasian, Artashes"]
[Black "Haik, Aldo"]
[Result "1-0"]
[WhiteElo "2545"]
[BlackElo "2410"]

1.e4 c5 2.Nf3 Nc6 3.Bb5 g6 4.O-O Bg7 5.c3 Nf6 6.d4 cxd4 7.cxd4 d5 8.e5 Ne4
9.Ne1 h6 10.f3 Ng5 11.Nc3 Bd7 12.Kh1 Ne6 13.Nc2 Rc8 14.f4 Nc7 15.Bd3 e6 16.g4 h5
17.f5 Qh4 18.f6 hxg4 19.Qe2 Bh6 20.Bxh6 Qxh6 21.Rg1 Na5 22.Rxg4 Nc4 23.Rag1 Nxb2
24.Bxg6 Kf8 25.Bh5 Nd3 26.Qxd3 Qxh5 27.Qg3  1-0

[Event "Capablanca mem-B"]
[Site "?"]
[Date "1994.??.??"]
[Round "7"]
[White "Slobodjan, Roman"]
[Black "Diaz, Joaquin C"]
[Result "1-0"]
[WhiteElo "2440"]
[BlackElo "2435"]

1.e4 c5 2.Nf3 Nc6 3.Bb5 g6 4.O-O Bg7 5.Bxc6 bxc6 6.Re1 Nh6 7.c3 O-O 8.d4 cxd4
9.cxd4 f6 10.Nc3 d6 11.b3 Nf7 12.Bb2 Bd7 13.Qe2 Qa5 14.Nd2 Rfe8 15.Nc4 Qa6
16.Rad1 e6 17.Qc2 Rac8 18.f4 d5 19.Ne3 Nd6 20.e5 fxe5 21.dxe5 Nf5 22.Nxf5 gxf5
23.Na4 c5 24.Nxc5 Qxa2 25.b4 Qa6 26.Qd2 Qb6 27.Bd4 Qd8 28.Nb7 Qh4 29.Nd6 a6
30.Nxc8 Rxc8 31.Rc1 Re8 32.Rc7 Bb5 33.Qf2 Qd8 34.Bb6 Qb8 35.Kh1 Kh8 36.Rf7 Kg8
37.Ra7 Kh8 38.Bc5 Rg8 39.Re3 d4 40.Rh3 Qe8 41.Qh4  1-0

[Event "Cappelle op"]
[Site "Cappelle la Grande"]
[Date "1994.??.??"]
[Round "1"]
[White "Tkachiev, Vladislav"]
[Black "Wians, Camille"]
[Result "1/2-1/2"]
[WhiteElo "2510"]
[BlackElo "2275"]

1.e4 c5 2.Nf3 Nc6 3.Bb5 g6 4.O-O Bg7 5.c3 Nf6 6.Re1 O-O 7.h3 e5 8.Na3 Re8
9.Nc4 Nxe4 10.d3 d5 11.dxe4 dxc4 12.Qxd8 Rxd8 13.Be3 h6 14.Bxc4 b6 15.Red1 Bb7
16.Rxd8+ Rxd8 17.Bd5 Na5 18.Bxb7 Nxb7 19.g4 Kf8 20.Kf1 Ke7 21.Ke2 Ke6 22.Rc1 Rh8
23.a4 Bf6 24.b4 Be7 25.Rb1 h5 26.Rc1 hxg4 27.hxg4 f6 28.Rb1 Rc8 29.Kd3 f5
30.gxf5+ gxf5 31.exf5+ Kxf5 32.Nd2 e4+ 33.Ke2 Bf6 34.bxc5 Nxc5 35.Rb5 Bxc3
36.Nb3 a6 37.Rxb6 Nxb3 38.Rxb3  1/2-1/2

[Event "Cappelle op"]
[Site "Cappelle la Grande"]
[Date "1994.??.??"]
[Round "2"]
[White "Tseshkovsky, Vitaly"]
[Black "Mastrokoukos, Georgios"]
[Result "1-0"]
[WhiteElo "2515"]
[BlackElo "2385"]

1.e4 c5 2.Nf3 Nc6 3.Bb5 g6 4.Bxc6 dxc6 5.h3 Bg7 6.d3 e5 7.Be3 Qe7 8.Qd2 Nf6
9.Bh6 Nh5 10.Nc3 f6 11.Ne2 Bd7 12.Be3 f5 13.Bg5 Qd6 14.Bh6 Bf6 15.O-O-O O-O-O
16.Rhg1 Ng7 17.Bg5 Bxg5 18.Nxg5 Qf6 19.exf5 gxf5 20.f4 exf4 21.Nf3 Ne6 22.Nxf4 Nxf4
23.Qxf4 Be6 24.g4 Rhf8 25.g5 Qf7 26.Rge1 Bxa2 27.b3 Bxb3 28.cxb3 Qxb3 29.Qc4 Qa3+
30.Kc2 Qa5 31.Ra1 Qc7 32.Rxa7 Kb8 33.Qa4 Qb6 34.Ra8+ Kc7 35.Qf4+  1-0

[Event "Cappelle op"]
[Site "Cappelle la Grande"]
[Date "1994.??.??"]
[Round "3"]
[White "Tkachiev, Vladislav"]
[Black "Appleberry, Martin"]
[Result "1-0"]
[WhiteElo "2510"]
[BlackElo "2355"]

1.Nf3 c5 2.e4 Nc6 3.Bb5 Nf6 4.e5 Nd5 5.O-O g6 6.Re1 Bg7 7.c3 O-O 8.d4 cxd4
9.cxd4 d6 10.Nc3 Nxc3 11.bxc3 Qa5 12.Bxc6 bxc6 13.exd6 exd6 14.Bf4 Qxc3 15.Bxd6 Rd8
16.Bc7 Rf8 17.Ne5 Be6 18.Rc1 Qa3 19.Nxc6 Bh6 20.Rc5 Rfe8 21.h3 Bf8 22.Rce5 Rec8
23.d5 Rxc7 24.dxe6 Rxc6 25.exf7+ Kg7 26.Re8 Rac8 27.Qd4+ Kh6 28.Qf4+ Kg7
29.Qe5+ Kh6 30.Re4 Qc1+ 31.Kh2 Qg5 32.Qd4 Rc4 33.Rxf8 Rxd4 34.Rxc8 Rd8 35.Re8 Qf6
36.Rcxd8 Qxf7 37.a4 Qc7+ 38.g3  1-0

[Event "Cappelle op"]
[Site "Cappelle la Grande"]
[Date "1994.??.??"]
[Round "3"]
[White "Dobrovolsky, Ladislav"]
[Black "Fabris, Alberto"]
[Result "1/2-1/2"]
[WhiteElo "2400"]
[BlackElo "2205"]

1.e4 c5 2.Nf3 Nc6 3.Bb5 g6 4.O-O Bg7 5.c3 Nf6 6.Re1 O-O 7.d4 cxd4 8.cxd4 d5
9.e5 Ne4 10.Nc3 Nxc3 11.bxc3 Qa5 12.a4 Bf5 13.Bd2 Rac8 14.Nh4 Bd7 15.f4 f5
16.Nf3 Qc7 17.c4 a6 18.cxd5 axb5 19.dxc6 Qxc6 20.Bb4 Rfe8 21.d5 Qb6+ 22.Kh1 bxa4
23.Rb1 Qa6 24.e6 Bb5 25.Ne5 Bc4 26.Qf3 Bb3 27.Nf7 Qc4 28.d6 exd6 29.Ba3 Rxe6
30.Nxd6 Rxe1+ 31.Rxe1 Qc3 32.Qe2 Rf8 33.Nb5 Qc4 34.Bxf8 Qxe2 35.Rxe2 Bxf8
36.Re8 Kf7 37.Ra8 Bb4 38.Ra7 Bd5 39.Rxa4 Be7 40.Nd4 Bd6 41.h4 Be4 42.Ne2 Be7
43.h5 gxh5 44.Ng3 Bc6 45.Ra5 h4 46.Nxf5 h3  1/2-1/2

[Event "Cappelle op"]
[Site "Cappelle la Grande"]
[Date "1994.??.??"]
[Round "3"]
[White "Velikhanli, Firuza"]
[Black "Klinger, Josef"]
[Result "1-0"]
[WhiteElo "2315"]
[BlackElo "2475"]

1.e4 c5 2.Nf3 Nc6 3.Bb5 e6 4.O-O Nge7 5.c3 a6 6.Ba4 b5 7.Bc2 d5 8.d4 cxd4
9.Nxd4 Bb7 10.a4 Nxd4 11.cxd4 dxe4 12.Nc3 b4 13.Nxe4 Qd5 14.Re1 Nf5 15.a5 Nxd4
16.Ba4+ Nb5 17.Bf4 Rd8 18.Qf3 Qd3 19.Nf6+ gxf6 20.Qxb7  1-0

[Event "Cappelle op"]
[Site "Cappelle la Grande"]
[Date "1994.??.??"]
[Round "4"]
[White "Magomedov, Magaram"]
[Black "Lanka, Zigurds"]
[Result "1/2-1/2"]
[WhiteElo "2450"]
[BlackElo "2535"]

1.e4 c5 2.Nf3 Nc6 3.Bb5 g6 4.Bxc6 dxc6 5.d3 Bg7 6.Nc3 e5 7.Be3 b6 8.O-O Qc7
9.Qc1 Nf6 10.Bh6 Bxh6 11.Qxh6 Nh5 12.h3 f6 13.Ne2 Qf7 14.a4 Ng7 15.c3 O-O
16.Qe3 Ba6 17.a5 Rfd8 18.axb6 axb6 19.Rfd1 Ne6 20.Ne1 Qc7 21.Ra3 Kg7 22.Rda1 Bb7
23.Nf3 Rxa3 24.Rxa3 Qd6 25.Ra7 Qb8 26.Ra1 Qd6 27.Ra7 Rd7 28.Nh2 h5 29.Nf3 Qb8
30.Ra1 Qd6 31.Ra7 Qb8  1/2-1/2

[Event "Cappelle op"]
[Site "Cappelle la Grande"]
[Date "1994.??.??"]
[Round "4"]
[White "Pedzich, Dominik"]
[Black "Ikonnikov, Vyacheslav"]
[Result "1/2-1/2"]
[WhiteElo "2400"]
[BlackElo "2515"]

1.e4 c5 2.Nf3 Nc6 3.Bb5 g6 4.O-O Bg7 5.c3 Nf6 6.Re1 O-O 7.e5 Nd5 8.d4 cxd4
9.cxd4 d6 10.Nc3 Nc7 11.Bxc6 bxc6 12.Qa4 Qd7 13.exd6 exd6 14.Bf4 Bb7 15.Re2 Rfe8
16.Rxe8+ Nxe8 17.Re1 Nf6 18.h3 h6 19.Re3 Bf8 20.Qa5 Qd8 21.Qa3 a5 22.Nd2 Nh5
23.Bh2 Ng7 24.Qb3 Ba6 25.Re1 Nf5 26.Qa4 Qb6 27.Nde4 Bg7 28.Nxd6 Nxd6 29.Bxd6 Qxb2
30.Re3 Bb5 31.Qd1 Rd8 32.Bc5 Bxd4 33.Bxd4 c5 34.Re7 cxd4 35.Qf3 Bc4 36.Ne4 d3
37.Qf4 d2 38.Nxd2 Qc1+ 39.Kh2 Qxd2 40.Re8+ Kh7 41.Qxc4 Qd5 42.Qxd5 Rxd5  1/2-1/2

[Event "Cappelle op"]
[Site "Cappelle la Grande"]
[Date "1994.??.??"]
[Round "4"]
[White "Degraeve, Jean Marc"]
[Black "Velikhanli, Firuza"]
[Result "1-0"]
[WhiteElo "2480"]
[BlackElo "2315"]

1.e4 c5 2.Nf3 Nc6 3.Bb5 g6 4.Bxc6 dxc6 5.d3 Bg7 6.Nc3 e5 7.Be3 Qe7 8.h3 h6
9.O-O Be6 10.Re1 O-O-O 11.a3 Kb8 12.Qe2 g5 13.b4 cxb4 14.axb4 a6 15.Bb6 Re8
16.Na4 h5 17.Nc5 g4 18.Nh2 Bc8 19.h4 Qxh4 20.c4 g3 21.fxg3 Qxg3 22.b5 cxb5
23.cxb5 Rh6 24.bxa6 Rxb6 25.axb7 Bf8 26.bxc8=Q+ Kxc8 27.Rec1 Bxc5+ 28.Rxc5+ Kd7
29.Nf3 f6 30.Ra7+ Kd6 31.Rd5+ Ke6 32.Qa2  1-0

[Event "Cappelle op"]
[Site "Cappelle la Grande"]
[Date "1994.??.??"]
[Round "8"]
[White "Degraeve, Jean Marc"]
[Black "Lanka, Zigurds"]
[Result "0-1"]
[WhiteElo "2480"]
[BlackElo "2535"]

1.e4 c5 2.Nf3 Nc6 3.Bb5 g6 4.Bxc6 dxc6 5.d3 Qc7 6.Nc3 e5 7.Be3 f6 8.h3 Nh6
9.Nh2 Nf7 10.O-O b6 11.f4 Bg7 12.f5 gxf5 13.exf5 Nd6 14.Qh5+ Qf7 15.Qf3 Bb7
16.Ne4 O-O-O 17.c4 Nxe4 18.Qxe4 h5 19.Nf3 Bh6 20.Bf2 Kb8 21.a3 Rhg8 22.Rad1 Bf4
23.Nh4 Bc8 24.b4 cxb4 25.axb4 Bg3 26.Bxg3 Rxg3 27.d4 Qxc4 28.Nf3 Rdg8 29.Rf2 Bb7
30.Nd2 Qxb4 31.dxe5 c5 32.Qxb4 cxb4 33.exf6 Bxg2  0-1

[Event "Cappelle op"]
[Site "Cappelle la Grande"]
[Date "1994.??.??"]
[Round "8"]
[White "Lupu, Mircea Sergiu"]
[Black "Ikonnikov, Vyacheslav"]
[Result "0-1"]
[WhiteElo "2430"]
[BlackElo "2515"]

1.e4 c5 2.Nf3 Nc6 3.Bb5 g6 4.Bxc6 bxc6 5.O-O Bg7 6.Nc3 Nh6 7.d3 f6 8.Be3 d6
9.Qc1 Nf7 10.Nd2 O-O 11.f4 f5 12.exf5 Bxf5 13.Nce4 Rb8 14.c3 e5 15.Qc2 c4
16.Nxc4 d5 17.Ncd2 dxe4 18.dxe4 Bc8 19.Bxa7 Rb7 20.Bc5 Re8 21.f5 Rd7 22.Rad1 Ba6
23.c4 Bh6 24.fxg6 hxg6 25.Nf3 Bf8 26.Bxf8 Rxf8 27.Rxd7 Qxd7 28.Qc3 Qe6 29.b3 c5
30.Rd1 Bb7 31.Qe3 Qg4 32.Qxc5 Qg5  0-1

[Event "Cappelle op"]
[Site "Cappelle la Grande"]
[Date "1994.??.??"]
[Round "8"]
[White "Wall, Tim"]
[Black "Makarov, Marat"]
[Result "1/2-1/2"]
[WhiteElo "2245"]
[BlackElo "2525"]

1.e4 c5 2.Nf3 Nc6 3.Bb5 g6 4.Bxc6 bxc6 5.O-O Bg7 6.Re1 f6 7.c3 Nh6 8.d4 cxd4
9.cxd4 O-O 10.Nc3 d6 11.h3 Nf7 12.Be3 Bd7 13.Qc2 Qa5 14.Rad1 Rab8 15.Nd2 Qb4
16.b3 f5 17.Ne2 fxe4 18.Nxe4 Nh6 19.Bd2 Qb5 20.Bc3 Nf5 21.d5 cxd5 22.Bxg7 Nxg7
23.N2c3 Qc6 24.Rxd5 Bf5 25.Qd2 Bxe4 26.Nxe4 Rf5 27.Nc3 Rf7 28.Rd3 Rbf8 29.Ne4 Rf5
30.f3 Re5 31.Rc1 Qb6+ 32.Kh2 Nf5 33.Rc4 Qb8 34.Rd5 Rxd5 35.Qxd5+ Kh8 36.Ng5 Qb6
37.Ne6 Qf2 38.Nxf8 Qg3+ 39.Kg1 Qe1+ 40.Kh2 Qg3+ 41.Kg1 Qe1+  1/2-1/2

[Event "Ceske Budejovice op"]
[Site "Ceske Budejovice"]
[Date "1994.??.??"]
[Round "9"]
[White "Nishimura, Hiroyuki"]
[Black "Meister, Yakov"]
[Result "1/2-1/2"]
[WhiteElo "2270"]
[BlackElo "2440"]

1.e4 c5 2.Nf3 Nc6 3.Bb5 e6 4.O-O Nge7 5.c3 a6 6.Bxc6 Nxc6 7.d4 d5 8.exd5 Qxd5
9.dxc5 Qxd1 10.Rxd1 Bxc5 11.Nbd2 O-O 12.Ne4 Be7 13.Bf4 f6 14.Nd6 e5 15.Nxc8 Raxc8
16.Be3 Rfd8 17.Bb6 Rxd1+ 18.Rxd1 Nb8 19.Kf1 Kf7 20.Ke2 Ke6 21.Ne1 Nd7 22.Be3 f5
23.f3 Nf6 24.Bg5 h6 25.Bxf6 Bxf6 26.Nd3 Be7 27.Kd2 Bd6 28.Re1 Kd5 29.Nf2 Re8
30.Kd3 b5 31.b3 Bc5 32.Re2 Re7 33.c4+ bxc4+ 34.bxc4+ Kc6 35.Nd1 Rd7+ 36.Kc2 Bd4
37.Nb2 Re7 38.Nd3 a5 39.g4 fxg4 40.fxg4 e4 41.Nf2 Bxf2 42.Rxf2 Kc5 43.Kc3 e3
44.Rf5+ Kc6 45.Rf1 Re4 46.h3 e2 47.Re1 Kc5 48.Kd3 Rd4+ 49.Ke3 Rxc4 50.Rxe2 Rc3+
51.Kf4 Rxh3 52.Kf5 g5 53.Re4 Rf3+ 54.Kg6 Rf4 55.Re5+ Kb4 56.Kh5 a4 57.Re3 a3
58.Rb3+ Ka4 59.Rg3 Rf2 60.Kxh6 Rxa2 61.Kxg5 Rb2 62.Rg1 a2 63.Ra1 Kb5 64.Kf6  1/2-1/2

[Event "USA-op"]
[Site "Chicago"]
[Date "1994.??.??"]
[Round "?"]
[White "Curdo, John"]
[Black "Burke, John S"]
[Result "1-0"]
[WhiteElo "2315"]
[BlackElo "2010"]

1.e4 c5 2.Nf3 Nc6 3.Bb5 g6 4.c3 Bg7 5.O-O e5 6.d4 cxd4 7.cxd4 Nxd4 8.Nxd4 exd4
9.e5 Ne7 10.Bg5 O-O 11.Re1 h6 12.Bh4 g5 13.Bg3 Nf5 14.Nd2 Nxg3 15.hxg3 d6
16.exd6 Qxd6 17.Bd3 Bd7 18.Nc4 Qd5 19.Ne3 Qa5 20.b4 Qxb4 21.Nd5 Qd6 22.Ne7+ Kh8
23.Qe2 Rae8 24.g4 Qf4 25.Bc2 Rxe7 26.Qxe7 Bc6 27.Qe2 Kg8 28.Rad1 Re8 29.Qd3 Rxe1+
30.Rxe1 Qxg4 31.f3 Qg3 32.Re2 a6 33.Qh7+ Kf8 34.Qf5 Qc7 35.Qc5+ Kg8 36.Re8+ Bxe8
37.Qxc7  1-0

[Event "USA-op"]
[Site "Chicago"]
[Date "1994.??.??"]
[Round "7"]
[White "Gratz, Glen"]
[Black "Singer, Richard"]
[Result "1-0"]
[WhiteElo "2205"]
[BlackElo "2130"]

1.e4 c5 2.Nf3 Nc6 3.Bb5 g6 4.O-O Bg7 5.d3 Qc7 6.Nc3 e6 7.Bxc6 bxc6 8.Be3 c4
9.dxc4 Ba6 10.Bd4 e5 11.Bc5 d5 12.exd5 cxd5 13.Ba3 Bxc4 14.Re1 d4 15.Qxd4 f6
16.Bd6 Kf7 17.Bxc7 exd4 18.Nxd4 f5 19.Ndb5 Bxb5 20.Nxb5 Bxb2 21.Rad1 Nf6
22.Rb1 Rhe8 23.Nd6+ Kf8 24.Nxe8 Nxe8 25.Rxb2 Nxc7 26.Rb7  1-0

[Event "CZE-ch (Women)"]
[Site "Chrudim"]
[Date "1994.??.??"]
[Round "1"]
[White "Flaisigova, Petra"]
[Black "Kalikova, Jana"]
[Result "0-1"]
[WhiteElo "1710"]
[BlackElo "1980"]

1.e4 c5 2.Nf3 Nc6 3.Bb5 Qb6 4.Bxc6 bxc6 5.b3 d6 6.Bb2 e5 7.O-O Nf6 8.d3 Be7
9.Nbd2 Be6 10.c3 O-O 11.d4 Nd7 12.dxe5 Nxe5 13.Nxe5 dxe5 14.Nf3 Bf6 15.c4 Bxc4
16.bxc4 Qxb2 17.Qd6 Qb4 18.Qxc6 Qxc4 19.Rfc1 Rac8 20.Qd6 Qb4 21.Nxe5 Rfd8
22.Nc6 Rxd6 23.Nxb4 Bxa1 24.Rxa1 cxb4  0-1

[Event "Bohemia"]
[Site "Chrudim"]
[Date "1994.??.??"]
[Round "7"]
[White "Krupkova, Petra"]
[Black "Ptacnikova, Lenka"]
[Result "1/2-1/2"]
[WhiteElo "2235"]
[BlackElo "2240"]

1.e4 c5 2.Nf3 Nc6 3.Bb5 g6 4.O-O Bg7 5.c3 Nf6 6.Re1 O-O 7.e5 Nd5 8.d4 cxd4
9.cxd4 d6 10.Nc3 Nxc3 11.bxc3 dxe5 12.Bxc6 bxc6 13.Nxe5 Be6 14.Ba3 Qc7 15.Qa4 Rfc8
16.Bc5 Rab8 17.Qxa7 Qxa7 18.Bxa7 Ra8 19.Bc5 Rxa2 20.Rxa2 Bxa2 21.Bxe7 Bxe5
22.dxe5 Rb8 23.Bb4 Rb5 24.f3 c5 25.Ba3 Ra5 26.Bc1 Kf8 27.Bg5 Rb5 28.Re4 Bd5
29.Ra4 Rb1+ 30.Kf2 Rb2+ 31.Kg3 Ra2 32.Rxa2 Bxa2 33.Be3 c4 34.Bh6+ Ke7 35.Bg7 Bb1
36.Kf4 Bd3 37.Kg5 Bf1 38.g3 Be2 39.Kh6 Bxf3 40.Kxh7 Ke6 41.Bf6  1/2-1/2

[Event "Bohemia"]
[Site "Chrudim"]
[Date "1994.??.??"]
[Round "8"]
[White "Misanovic, Vesna"]
[Black "Ptacnikova, Lenka"]
[Result "1-0"]
[WhiteElo "2340"]
[BlackElo "2240"]

1.e4 c5 2.Nf3 Nc6 3.Bb5 g6 4.O-O Bg7 5.Re1 Nf6 6.e5 Nd5 7.Nc3 Nc7 8.Bxc6 dxc6
9.Ne4 Ne6 10.d3 O-O 11.Be3 b6 12.Qc1 Nd4 13.Nxd4 cxd4 14.Bh6 Bf5 15.Ng3 Qd7
16.h4 c5 17.h5 Rac8 18.Bxg7 Kxg7 19.Qg5 h6 20.Qf4 Rc6 21.f3 Be6 22.b3 g5
23.Qd2 Bd5 24.a4 a5 25.Re2 Kh7 26.Rf1 Rg8 27.Qe1 Rcc8 28.Ne4 Qf5 29.g4 Qd7
30.Ng3 Rc6 31.Nf5 Be6 32.Ng3 Bd5 33.Kh2 Rcc8 34.Ref2 Rc6 35.Re2 Rcc8 36.Qf2 Rc6
37.Qe1 Rcc8 38.Qf2 Rc6 39.Qg2 Re6 40.Nf5 Qc7 41.Qg3 Rc6 42.f4 Be6 43.Qf3 Bxf5
44.gxf5 f6 45.Qd5 Rg7 46.fxg5 Rxg5 47.Rg1 Rxh5+ 48.Kg2 Rg5+ 49.Kf1 Kg7 50.Rxg5+ hxg5
51.Qh1 fxe5 52.Rh2 e4 53.Rh7+ Kf6 54.Qxe4 Rd6 55.Qg4 Qc6 56.Ke2 Qd5 57.Kd2 Qc6
58.Kc1 Qd5 59.Kb2 Qc6 60.Kb1 Qd5 61.Kb2 Qc6 62.Rh5 Ke5 63.Qxg5 Rf6 64.Qg3+ Kd5
65.Rh8 Qd7 66.Qf3+ Ke5 67.Qe4+ Kd6 68.Rb8 Qxf5 69.Rxb6+  1-0

[Event "Copenhagen op16"]
[Site "Copenhagen"]
[Date "1994.??.??"]
[Round "2"]
[White "Nielsen, Soren Holst"]
[Black "Petersen, Steen"]
[Result "0-1"]
[WhiteElo "2225"]
[BlackElo "2085"]

1.e4 c5 2.Nf3 Nc6 3.Bb5 g6 4.Bxc6 bxc6 5.O-O Bg7 6.Nc3 d6 7.Re1 e5 8.Na4 Ne7
9.c3 Bg4 10.a3 a5 11.d3 O-O 12.Be3 f5 13.Qb3+ c4 14.Qxc4+ d5 15.Qa2 Bxf3
16.gxf3 fxe4 17.fxe4 Qd7 18.Nb6 Qg4+ 19.Kf1 Rad8 20.b4 Kh8 21.Qe2 Rf3 22.Bc5 Rdf8
23.bxa5 R8f4 24.Qa2 d4 25.Re2 Qh3+ 26.Ke1 Rxd3 27.Rd1 dxc3 28.Rxd3 Qxd3 29.Qc2 Qf3
30.Re3 Qh1+ 31.Ke2 Rxf2+ 32.Kd3 Rxc2 33.Kxc2 Qa1 34.Rxc3 Qa2+ 35.Kd3 Qb1+
36.Kc4 Qb5+  0-1

[Event "Copenhagen op16"]
[Site "Copenhagen"]
[Date "1994.??.??"]
[Round "10"]
[White "Nordenbaek, Jan"]
[Black "Jakobsen, Ole"]
[Result "0-1"]
[WhiteElo "2160"]
[BlackElo "2375"]

1.e4 c5 2.Nf3 Nc6 3.Bb5 e6 4.O-O Nge7 5.Re1 a6 6.Bf1 Ng6 7.c3 Be7 8.d4 cxd4
9.cxd4 d5 10.e5 O-O 11.Nc3 Bd7 12.Be3 Rc8 13.Rc1 Na5 14.Nd2 f6 15.exf6 Bxf6
16.Qh5 Ne7 17.Bd3 g6 18.Qe2 Nac6 19.Nb3 Bg7 20.Na4 Nf5 21.Bxf5 Rxf5 22.Nac5 Rc7
23.Nxd7 Qxd7 24.f4 Qc8 25.Qd2 b6 26.a3 Rff7 27.Qd3 Na7 28.Rxc7 Rxc7 29.Re2 a5
30.Nd2 Rc1+ 31.Nf1 Qc4 32.Qd2 Rb1 33.Qc2 Qxc2 34.Rxc2 Nb5 35.Rd2 Nd6  0-1